000 01332nam a2200337 i 4500
001 000009318
003 DO-SdBNP
005 20260505150358.0
007 ta
008 090929s1977 dr r 001 0 spa d
040 _aDO-SdBNP
_bspa
_cBNPHU
_erda
041 _aspa
082 4 _a348.7293
_bM149j
_222
100 1 _aMachado, Pablo Antonio
_924057
_4aut.
_eautor
245 1 0 _aJurisprudencia dominicana 1960 - 1976 /
_cPablo A. Machado ; prólogo, Jottín Cury ; edición, Eridania Mir.
260 _aSanto Domingo :
_bPublicaciones de la Universidad Autónoma de Santo Domingo,
_c1977.
_fTaller
300 _avolúmenes ;
_c24 cm.
336 _atexto
_btxt
_2rdacontent
337 _asin mediación
_bn
_2rdamedia
338 _avolumen
_bnc
_2rdacarrier
490 0 _aPublicaciones de la Universidad Autónoma de Santo Domingo
_v1034
500 _aLa biblioteca posee el volumen 1
500 _aIncluye índice
505 _a v. 1. Abogado-filiación.-- v. 2. Filiación-violencias y vías de hecho.
650 7 _aJurisprudencia
_x Recopilaciones, repertorios, etc.
_zRepública Dominicana
_919125
651 7 _aRepública Dominicana
_xLegislación
_y1960-1976
_989385
700 1 _aCury, Jottín,
_epról.
_910227
700 1 _aMir, Eridania,
_eed.
_910197
910 _aValidado. Control de calidad MFF
942 _2ddc
_cLBS1
999 _c9078
_d9078